00577nam a22002057a 450000500170000001000110001702000210002803500110004903700160006004000120007608200160008810000240010424500380012826000460016627000440021230000200025650000510027665000310032765000130035820170124110018.0 a528127 c00.00a340073411 a528127 bCen Lib/Ret aDPLbEN a371.52bTYE aTyerman, Maurice J. aTruancy /cby Maurice J. Tyerman  aLondon bUniversity of London Pressc1968 bLondon aSt paul's house, warwick lane  a128p.c21cm(Hb) aIncludes bibliographical references and index  aEducation xSchool phobia  aTrauncy